Chateaubriand de Buonaparte et des Bourbons
Uloženo v:
| Hlavní autor: | |
|---|---|
| Médium: | Kniha |
| Jazyk: | francouzština |
| Vydáno: |
París
Jean-Jacques Pauvert
1966
|
| Témata: | |
| Tagy: |
Přidat tag
Žádné tagy, Buďte první, kdo vytvoří štítek k tomuto záznamu!
|
MARC
| LEADER | 00000nam a2200000 a 4500 | ||
|---|---|---|---|
| 001 | UCZ7776 | ||
| 003 | CL-VaPUC | ||
| 008 | 960109e19660000FR |||||||||||||||||fre|d | ||
| 082 | 0 | 4 | |a 944 |b POZ |2 21 |
| 100 | 0 | |a Pozzo di Borgo, Olivier |e author |9 352755 | |
| 245 | 1 | 0 | |a Chateaubriand de Buonaparte et des Bourbons |
| 300 | |a 161 p | ||
| 942 | |c BK | ||
| 945 | |d 19960109 00:00:00 |a mcarcey | ||
| 260 | |a París |b Jean-Jacques Pauvert |c 1966 | ||
| 600 | 0 | |a Bonaparte, Napoleón |9 317802 | |
| 600 | 0 | 7 | |a BORBONES |2 CL-VaPUC |9 352756 |
| 650 | 7 | |a HISTORIA DE FRANCIA SIGLO 17 |2 CL-VaPUC |9 352757 | |
| 650 | 0 | |a Vida y costumbres |9 611784 | |
| 651 | 0 | |a Francia |9 255157 | |
| 583 | |a last modification |c 20160810 05:12:38 |k Rodrigo Vera | ||
| 999 | |c 243784 |d 243782 | ||
| 952 | |0 0 |1 0 |4 0 |6 944_000000000000000_POZ_1966 |7 0 |8 A |9 257582 |a BIBEDU |b BIBEDU |d 2019-11-19 |i 3162923 |o 944 POZ 1966 |p 3162923 |r 2019-11-19 |w 2019-11-19 |y BK |k LIT | ||